00456nam a2200181Ia 4500003000400000005001700004008004100021020001800062040000700080041000800087082002000095100002700115245005100142250000600193260003700199300002500236365001300261OSt20230425151830.0210423s2012 xx 000 0 und d a9780071067850 cAL aeng a658.15 KHAM223 aKHAN (M Y);JAIN (P K). aFinancial management: text problems and cases. a6 aNew DelhibTata McGrawhillc2012 axxiii,36.45,I-10bPB b575cINR